Sports Quiz

Random Sports Quiz
Score 0/45 Timer 06:00
0 Plays Today
Standings Driver % Correct
2005 - 1stNico Rosberg
98.5%
2006 - 1stLewis Hamilton
97%
2011 - 1stRomain Grosjean
94%
2008 - 5thRomain Grosjean
94%
2009 - 4thRomain Grosjean
94%
2008 - 4thPastor Maldonado
91%
2010 - 1stPastor Maldonado
91%
2009 - 1stNico Hülkenberg
90%
2005 - 2ndHeikki Kovalainen
89%
2006 - 2ndNelson Piquet Jr.
89%
2006 - 4thTimo Glock
87%
2007 - 1stTimo Glock
87%
2006 - 5thGiorgio Pantano
86%
2007 - 3rdGiorgio Pantano
86%
2008 - 1stGiorgio Pantano
86%
2012 - 1stDavide Valsecchi
84%
2010 - 2ndSergio Pérez
81.5%
2012 - 3rdEsteban Gutiérrez
78.5%
2013 - 1stFabio Leimer
77.8%
2010 - 3rdJules Bianchi
77%
2011 - 3rdJules Bianchi
77%
2009 - 2ndVitaly Petrov
76%
2010 - 5thSam Bird
75%
Standings Driver % Correct
2013 - 2ndSam Bird
74.5%
2007 - 2ndLucas di Grassi
74.5%
2008 - 3rdLucas di Grassi
74.5%
2009 - 3rdLucas di Grassi
74.5%
2008 - 2ndBruno Senna
73.5%
2012 - 2ndLuiz Razia
70.5%
2011 - 5thGiedo van der Garde
69.5%
2012 - 4thMax Chilton
69%
2013 - 4thFelipe Nasr
67.3%
2005 - 3rdScott Speed
67%
2011 - 4thCharles Pic
66.5%
2012 - 5thJames Calado
66.5%
2007 - 4thLuca Filippi
65.5%
2009 - 5thLuca Filippi
65.5%
2011 - 2ndLuca Filippi
65.5%
2013 - 3rdJames Calado
61.4%
2013 - 5thStefano Coletti
61.4%
2005 - 4thAlexandre Prémat
60.5%
2006 - 3rdAlexandre Prémat
60.5%
2005 - 5thAdam Carroll
58.5%
2010 - 4thDani Clos
46.5%
2007 - 5thJavier Villa
46%
Remove Ads.
Support Sporcle.
Get the best of Sporcle when you Go Orange. This ad-free experience offers more features, more stats, and more fun while also helping to support Sporcle. Thank you for becoming a member.

You're not logged in!

Compare scores with friends on all Sporcle quizzes.
OR
Log In

Show Comments

Extras

Top Quizzes Today


Score Distribution

Your Account Isn't Verified!

In order to create a playlist on Sporcle, you need to verify the email address you used during registration. Go to your Sporcle Settings to finish the process.

Report this User

Report this user for behavior that violates our Community Guidelines.

Details: